000 00661aam a2200217 4500
999 _c33366
_d33366
001 2553
003 CO-MdFUSB
005 20171108084741.0
008 170331t1932 xxu||||| |||| 00| 0 eng d
040 _aCO-MdFUSB
_bspa
_cCO-MdFUSB
_dCO-MdFUSBC
_erda
041 0 _aeng
082 0 4 _aG 225.4 L1921s
245 0 0 _aSix collations of New Testament manuscripts
_c/ Kirsopp Lake, Siva New, Editores
264 4 _aCambridge, MASS., USA:
_b Harvard University,
_c© 1932
300 _a243 Pag
336 _2rdacontent
_atexto
_btxt
337 _2rdamedia
_asin mediación
_bn
338 _2rdacarrier
_avolumen
_bnc
630 0 7 _aBiblia.
_pNuevo Testamento
942 _cBK